000 00855cam a22002651 4500
001 4070030
003 OSt
005 20230621145936.0
008 710514s1962 enk b 000 0 eng
010 _a 68125553
040 _aDLC
_cDLC
_dDLC
050 0 0 _a
_b
082 _a328.42
_bHAN
100 1 _aHanson, A. H.
_q(Albert Henry)
245 1 0 _aParliament at work;
_ba case-book of parliamentary procedure,
_cby A. H. Hanson and H. V. Wiseman.
260 _aLondon,
_bStevens,
_c1962.
300 _axi, 358 p.
_c23 cm.
504 _aBibliographical footnotes.
610 1 0 _aGreat Britain.
_bParliament
_xRules and practice.
610 1 0 _aGreat Britain.
_bParliament.
700 1 _aWiseman, H. Victor
_q(Herbert Victor),
_ejoint author.
906 _a7
_bcbc
_corignew
_du
_encip
_f19
_gy-gencatlg
942 _2ddc
_cBK
999 _c2241
_d2241